000 00451nam a2200145 a 4500
001 000036867
005 20200930080003.0
008 120202s2011 dr 000 0 spa d
040 _aDO-SdBNP
_bspa
_cBNPHU
082 _axxxx
_bR696c
100 1 _aRodríguez-Cruz, Héctor
_953177
245 1 0 _aCómo educar hijos felices y responsables. /
_cHéctor Rodríguez-Cruz.
260 _aSanto Domingo :
_bSusaeta Ediciones,
_c2011.
300 _a104 p. ;
_c11 cm.
999 _c36358
_d36358